000 00481nam a2200181Ia 4500
008 240925s9999 xx 000 0 und d
020 _aNA
082 _a700.954 BAS
100 _aHussan, Marjorie
245 0 _aBashir Mirza Acrylic Series 1989-1994
250 _aNA
260 _aKarachi:
_bContinental
_c,1990.
300 _axiii,218p.
_bNA
_fOriginal
500 _aIncludes Reference
600 _aHumanities & Natural Science
650 _aArts and Recreation
942 _cBK
999 _c2896
_d2896